Production of liquid spawn for mushroom cultivation /
Saved in:
| Main Author: | |
|---|---|
| Format: | Thesis Book |
| Language: | English |
| Published: |
2008.
|
| Subjects: | |
| Tags: |
Add Tag
No Tags, Be the first to tag this record!
|
| LEADER | 00947cam a2200265 a 4500 | ||
|---|---|---|---|
| 001 | u764666 | ||
| 003 | SIRSI | ||
| 005 | 200901291317 | ||
| 008 | 090129s2008 my a t 000 0 eng m | ||
| 040 | |a UMM | ||
| 090 | |a TP248.15 |b UM 2008 Rozi | ||
| 100 | 0 | |a Rozila Ismail. | |
| 245 | 1 | 0 | |a Production of liquid spawn for mushroom cultivation / |c Rozila binti Ismail. |
| 260 | |c 2008. | ||
| 300 | |a xv, 142 leaves : |b ill ; |c 30 cm. | ||
| 502 | |a Dissertation (M.Biotech.) -- Institut Sains Biologi, Fakulti Sains, Universiti Malaya, 2008. | ||
| 504 | |a Bibliography: leaves 81-90. | ||
| 650 | 0 | |a Fungi |x Biotechnology. | |
| 650 | 0 | |a Mushroom culture. | |
| 650 | 0 | |a Wood waste |x Recycling. | |
| 650 | 0 | |a Wood waste as mulch, soil conditioner, etc. | |
| 710 | 2 | |a Universiti Malaya. |b Institut Sains Biologi. | |
| 900 | |a NAR-ZA | ||
| 596 | |a 1 | ||
| 999 | |a TP248.15 UM 2008 ROZI |w LC |c 1 |i A513444721 |d 7/10/2009 |f 7/10/2009 |g 1 |l STACKS |m P01UTAMA |r Y |s Y |t TESIS |u 1/10/2009 | ||
